Normal view
MARC view
- Shiv Das & Sons
Entry Personal Name
001 - CONTROL NUMBER
- control field: 5638
003 - CONTROL NUMBER IDENTIFIER
- control field: OSt
005 - DATE AND TIME OF LATEST TRANSACTION
- control field: 20180129130933.0
008 - FIXED-LENGTH DATA ELEMENTS
- fixed length control field: 180129|| aca||aabn | a|a d
040 ## - CATALOGING SOURCE
- Original cataloging agency: OSt
- Transcribing agency: OSt
100 ## - HEADING--PERSONAL NAME
- Personal name: Shiv Das & Sons
670 ## - SOURCE DATA FOUND
- Source citation: Work cat.: (OSt): Shiv Das & Sons, Mathematics : Question papers - XII with their answers, 2007